00000000nam 2200000za 4500
0019.850834
003CaOODSP
00520250915092041
007cr |||||||||||
008180126s2018    onc     o    f000 0 eng d
040 |aCaOODSP|beng
043 |an-cn---
0861 |aRv55-8/21-1-1-2018E-PDF
24500|aCustoms privileges for diplomatic missions, consular posts and accredited international organizations (tariff Item no. 9808.00.00) |h[electronic resource].
250 |a[January 4, 2018 edition].
260 |aOttawa : |bCanada Border Services Agency, |c2018.
300 |a16 p.
4901 |aMemorandum, |x2369-2391 ; |vD21-1-1, January 4, 2018
500 |aTitle from caption.
500 |a“Superseded Memorandum D: D21-1-1 dated April 28, 2016”--p. 16.
500 |aIssued also in French under title: Privilèges douaniers accordés aux missions diplomatiques, aux postes consulaires et aux organisations internationales accréditées (numéro tarifaire 9808.00.00).
520 |a"This memorandum has been amended to reflect the department name change from “Department of Foreign Affairs, Trade and Development (DFATD)” to “Global Affairs Canada (GAC)” and to provide updated phone numbers for GAC in paragraph 13. Please note a full review of this memorandum will be done at a later date"--In brief, p. [1].
69207|2gccst|aDiplomatic missions
69207|2gccst|aConsular services
69207|2gccst|aInternational organizations
69207|2gccst|aCustoms and excise
7102 |aCanada Border Services Agency.
77508|tPrivilèges douaniers accordés aux missions diplomatiques, aux postes consulaires et aux organisations internationales accréditées (numéro tarifaire 9808.00.00) |w(CaOODSP)9.850837
794 |tCustoms privileges for diplomatic missions, consular posts and international organizations (tariff item no. 9808.00.00).|b[June 20, 2025 edition]|w(CaOODSP)9.955303
795 |tCustoms privileges for diplomatic missions, consular posts and accredited international organizations (tariff Item no. 9808.00.00) |b[April 28, 2016 edition]|w(CaOODSP)9.816776
830#0|aMemorandum D21 - international programs,|x2369-2391 ; |vD21-1-1, January 4, 2018.|w(CaOODSP)9.816825
85640|qPDF|s421 KB|uhttps://publications.gc.ca/collections/collection_2018/asfc-cbsa/Rv55-8-21-1-1-2018-eng.pdf